| 000 | 00579nam a2200193 a 4500 | ||
|---|---|---|---|
| 001 | 000024891 | ||
| 005 | 20200930023430.0 | ||
| 008 | 110207s1994 sp r 000 0 spa d | ||
| 020 | _a8401325498 | ||
| 040 |
_aDO-SdBNP _bspa _cBNPHU |
||
| 082 |
_axxxx _bS813a |
||
| 100 | 1 |
_aSteel, Danielle, _d1947- _910718 |
|
| 240 | 1 | 0 |
_aAccident _lEspañol |
| 245 | 1 | 0 |
_aAccidente / _cDanielle Steel ; traducción Marta Pérez. |
| 260 |
_aBarcelona, España : _bPlaza & Janes, _c1994. |
||
| 300 |
_a314 p. ; _c22 cm. |
||
| 590 | _aInventariado, 2019/BT | ||
| 700 | 1 |
_aPérez, Marta, _etr. _951093 |
|
| 999 |
_c24384 _d24384 |
||